| 000 | 00759nam a22002537a 4500 | ||
|---|---|---|---|
| 003 | UA-OsUOA | ||
| 001 | 31426 | ||
| 007 | ta | ||
| 008 | 20041221b un ||||| |||| 00| 0 ukr d | ||
| 100 | _aБондаренко Г. В. | ||
| 090 |
_a930(477) _bБ81 |
||
| 942 | _cBK | ||
| 040 |
_aUA-OsUOA _bukr _cUA-OsUOA _dUA-OsUOA |
||
| 245 | _aСпеціальні (допоміжні) історичні дисципліни | ||
| 300 | _a222 с. | ||
| 955 | _a0 | ||
| 041 | _aukr | ||
| 080 | _a930(477) | ||
| 020 | _a5-7763-9176-4 | ||
| 260 |
_aЛуцьк _bВолинський університет _c1997 |
||
| 044 | _aUA | ||
| 650 | 7 |
_a930 Історична наука. Допоміжні історичні дисципліни _2UDC |
|
| 999 |
_c317850 _d317850 |
||